Statistiken für Barbie Filme

Klicken Sie hier um das Quiz zu spielen!

Allgemein

  • Dieses Quiz wurde 196 mal gespielt
    (23 seit der letzten Aktualisierung)
  • Das Durchschnittsergebnis liegt bei 3 aus 12

Antwortstatistiken

Antwort% Korrekt
Die Prinzessin und das Dorfmädchen
61%
Mariposa
50%
Die Prinzessinnen-Akademie
39%
Modezauber in Paris
39%
Das Geheimnis von Oceana
17%
Der geheimnisvolle Pegasus
17%
Zauberhafte Weihnachten
17%
Die magischen Perlen
11%
Die verzauberten Balletschuhe
11%
Eine Prinzessin im Rockstarcamp
11%
Barbie und ihre Schwestern im Pferdeglück
6%
Prinzessin auf der Tierinsel
0%

Verteilung der Resultate

Perzentil nach korrekt beantworteten Fragen

Anzahl Personen mit jedem Resultat

Ihre Resultats-Entwicklung

Sie haben dieses Quiz seit der letzten Aktualisierung nicht gespielt